प्रतीक्षा में खड़े लोग / (Record no. 113534)

MARC details
000 -LEADER
fixed length control field 01001nam a22002537a 4500
005 - DATE AND TIME OF LATEST TRANSACTION
control field 20170124102954.0
010 ## - LIBRARY OF CONGRESS CONTROL NUMBER
LC control number A-576864
020 ## - INTERNATIONAL STANDARD BOOK NUMBER
Terms of availability 35.00
035 ## - SYSTEM CONTROL NUMBER
System control number A-576864
037 ## - SOURCE OF ACQUISITION
Source of stock number/acquisition Cen Lib/Ret
040 ## - CATALOGING SOURCE
Original cataloging agency DPL
Language of cataloging HN
082 ## - DEWEY DECIMAL CLASSIFICATION NUMBER
Classification number
Item number शर्माम
100 ## - MAIN ENTRY--PERSONAL NAME
Personal name शर्मा, माखनलाल
9 (RLIN) 52694
245 ## - TITLE STATEMENT
Title प्रतीक्षा में खड़े लोग /
Statement of responsibility, etc माखनलाल शर्मा
246 ## - VARYING FORM OF TITLE
Title proper/short title Pratiksha main khade log /
Remainder of title by Makhanlal Sharma
260 ## - PUBLICATION, DISTRIBUTION, ETC. (IMPRINT)
Place of publication, distribution, etc दिल्ली
Name of publisher, distributor, etc शब्द और शब्द
Date of publication, distribution, etc 1991
270 ## - ADDRESS
City दिल्ली
Address डी 118 अशोक विहार
Postal code 110052
300 ## - PHYSICAL DESCRIPTION
Extent 115पृ.
Dimensions 16सेमी(सजिल्द )
650 ## - SUBJECT ADDED ENTRY--TOPICAL TERM
Topical term or geographic name as entry element हिंदी साहित्य
General subdivision
Geographic subdivision
9 (RLIN) 52695
650 ## - SUBJECT ADDED ENTRY--TOPICAL TERM
Topical term or geographic name as entry element हिंदी कहानियां
9 (RLIN) 2082
650 ## - SUBJECT ADDED ENTRY--TOPICAL TERM
Topical term or geographic name as entry element Hindi literature
Form subdivision
9 (RLIN) 52696
650 ## - SUBJECT ADDED ENTRY--TOPICAL TERM
Topical term or geographic name as entry element Hindi stories
9 (RLIN) 52697
942 ## - ADDED ENTRY ELEMENTS (KOHA)
Source of classification or shelving scheme Dewey Decimal Classification
Koha item type Hindi Books
Classification part
Call number suffix शर्माम
Holdings
Withdrawn status Lost status Damaged status Not for loan Home library Current library Date acquired Source of acquisition Cost, normal purchase price Total Checkouts Full call number Barcode Date last seen Copy number Cost, replacement price Price effective from Koha item type Public note
Written off       Central Library Central Library 12/08/2015 Cen Lib/Ret 35.00   क शर्माम A-576864 12/08/2015 1 35.00 12/08/2015 Hindi Books Written off on approval by DLB (By Circulation); dtd 15-06-2023

© Delhi Public Library
Hit Counter
free hit counter